00498nam a2200145Ia 4500003000200000005001700002008004100019050002200060100003100082245009200113260008600205300002900291500001700320521001500337020231106095708.0140724s9999 xx 000 0 und d aRC 569b.P33 2023 aPacson, Fritz Christian P. aImpulsivity and risk perception of cyclists in Metro ManilacPacson, Fritz Christian P. aLas Piñas, Philippines :bSouthville International School and Colleges,cc2023. a176 p. :bill. ;c28 cm. aImpulsivity. aPsychology